|
|
|
|
| LEADER |
00847nam a22002057a 4500 |
| 082 |
|
|
|b EDN/A J9
|a 954
|
| 100 |
|
|
|a എഡ്നാ എപ്സറ്റീ൯
|9 236560
|
| 100 |
|
|
|a Edna Epstein
|9 236561
|
| 240 |
|
|
|a Aikya Rastra Samghatana
|
| 245 |
|
|
|a ഐക്യരാഷ്ട്ര സംഘടന
|b ഒരു ലഘു വിവരണം
|
| 250 |
|
|
|a 1st
|
| 260 |
|
|
|a Kottayam;
|b Manorama Publishing House;
|c 1962
|
| 300 |
|
|
|a 85p.
|
| 650 |
|
|
|a മലയാളം; വിവ൪ത്തനം
|9 236562
|
| 650 |
|
|
|a Malayalam; Translated
|9 236563
|
| 700 |
|
|
|a ചെറിയാ൯ പാറക്കടവിൽ (വിവ൪.)
|9 236564
|
| 700 |
|
|
|a Cheriyan Parakkadavil (Tr.)
|9 236565
|
| 942 |
|
|
|c BK
|
| 999 |
|
|
|c 48182
|d 48182
|
| 952 |
|
|
|0 0
|1 0
|4 0
|6 EDN_A
|7 0
|9 56728
|a MAL
|b MAL
|d 2016-02-20
|e 5944
|g 2.00
|l 0
|o EDN/A
|p MAL005944
|r 2016-02-20
|t 1
|w 2016-02-20
|y BK
|